[Event "43. Olimpiada Batumi 2018 Femenina"]
[Site "Batumi GEO"]
[Date "2018.10.05"]
[Round "11.2"]
[White "Stetsko, Lanita"]
[Black "Efroimski, Marsel"]
[Result "1/2-1/2"]
[WhiteElo "2188"]
[BlackElo "2313"]
[PlyCount "187"]
[EventDate "2018.09.24"]
[EventType "team-swiss"]
[EventRounds "11"]
[EventCountry "GEO"]
[SourceTitle "Ajedrez en Madrid"]
[Source "lmi"]
[SourceDate "2018.09.24"]
[WhiteTeam "Belarus"]
[BlackTeam "Israel"]
[WhiteTeamCountry "BLR"]
[BlackTeamCountry "ISR"]

1. e4 c5 2. Nf3 d6 3. Bb5+ Bd7 4. Bxd7+ Nxd7 5. O-O Ngf6 6. Qe2 e6 7. c3 Be7 8.
d4 O-O 9. e5 Ne8 10. dxc5 Nxe5 11. Nxe5 dxe5 12. Qxe5 Nf6 13. Nd2 Nd7 14. Qe2
Nxc5 15. Nb3 Qd3 16. Qe3 Qc4 17. Nd4 Bf6 18. b3 Qa6 19. c4 Rad8 20. Bb2 Rd7 21.
Bc3 b6 22. Nb5 Rd3 23. Qe1 Bxc3 24. Nxc3 Qa5 25. Ne4 Nxe4 26. Qxe4 Rfd8 27. Qc6
g6 28. Qc7 Qc3 29. h3 R3d7 30. Qf4 Rd2 31. Qc7 R8d7 32. Qb8+ Kg7 33. Qf4 R7d3
34. Rac1 Qa5 35. Ra1 e5 36. Qe4 f5 37. Qb7+ Rd7 38. Qb8 e4 39. Qf4 Qc5 40. a3
h6 41. h4 R2d3 42. b4 Qxc4 43. Qe5+ Kh7 44. h5 Qf7 45. Rac1 R3d5 46. hxg6+ Qxg6
47. Qb8 Rg7 48. g3 Qd6 49. Qxd6 Rxd6 50. Rfd1 Rxd1+ 51. Rxd1 Kg6 52. a4 Rc7 53.
a5 bxa5 54. Rd6+ Kg5 55. bxa5 Rc1+ 56. Kg2 Rc2 57. Re6 Ra2 58. Ra6 e3 59. Kf3
e2 60. Re6 Rxa5 61. Kxe2 h5 62. Kf3 Ra3+ 63. Kg2 h4 64. gxh4+ Kxh4 65. Rg6 f4
66. f3 Ra2+ 67. Kf1 Kh3 68. Rg4 Ra4 69. Ke2 Rd4 70. Rg5 Rd7 71. Rf5 Kg3 72.
Rg5+ Kh3 73. Rf5 Rd4 74. Ra5 Rb4 75. Rxa7 Rb2+ 76. Kf1 Kg3 77. Ra6 Rb3 78. Rf6
Kxf3 79. Kg1 Rb1+ 80. Kh2 Rb5 81. Ra6 Rh5+ 82. Kg1 Rg5+ 83. Kf1 Kg3 84. Ra3+ f3
85. Ra8 Re5 86. Rg8+ Kf4 87. Rf8+ Ke3 88. Rg8 Kf4 89. Rf8+ Rf5 90. Rxf5+ Kxf5
91. Kf2 Kg4 92. Kf1 Kg3 93. Kg1 f2+ 94. Kf1 1/2-1/2

[Event "43. Olimpiada Batumi 2018 Femenina"]
[Site "Batumi GEO"]
[Date "2018.10.05"]
[Round "11.3"]
[White "Klinova, Masha"]
[Black "Kusenkova, Natallia"]
[Result "1/2-1/2"]
[WhiteElo "2288"]
[BlackElo "2167"]
[PlyCount "129"]
[EventDate "2018.09.24"]
[EventType "team-swiss"]
[EventRounds "11"]
[EventCountry "GEO"]
[SourceTitle "Ajedrez en Madrid"]
[Source "lmi"]
[SourceDate "2018.09.24"]
[WhiteTeam "Israel"]
[BlackTeam "Belarus"]
[WhiteTeamCountry "ISR"]
[BlackTeamCountry "BLR"]

1. e4 e5 2. Nf3 Nc6 3. Bc4 Bc5 4. d3 Nf6 5. O-O O-O 6. c3 d5 7. exd5 Nxd5 8.
Nbd2 Nb6 9. b4 Bd6 10. Bb3 Bg4 11. h3 Bh5 12. Ne4 Kh8 13. a4 a6 14. Re1 Be7 15.
Bb2 f6 16. Ng3 Bg6 17. Bc2 Qd7 18. Nh4 Bf7 19. Nhf5 Rfe8 20. b5 axb5 21. axb5
Rxa1 22. Qxa1 Nd8 23. Nxe7 Rxe7 24. Qa5 Ne6 25. Nf5 Re8 26. c4 Nf4 27. Ne3 Nxd3
28. Bxd3 Qxd3 29. c5 Ra8 30. Qb4 Ra4 31. Qc3 Qxc3 32. Bxc3 Nd5 33. Nxd5 Bxd5
34. Rd1 c6 35. bxc6 bxc6 36. Rc1 h5 37. Bd2 Kh7 38. Be3 Kg6 39. Re1 Kf5 40. f3
Ra2 41. Rd1 Re2 42. Bf2 g5 43. Re1 Rc2 44. Be3 Ra2 45. Rf1 Re2 46. Bf2 Kg6 47.
Re1 Rc2 48. Rd1 g4 49. hxg4 hxg4 50. fxg4 Kg5 51. Be3+ Kxg4 52. Rd2 Rc3 53. Kf2
f5 54. g3 Rb3 55. Rd1 Rb2+ 56. Rd2 Rb1 57. Bh6 Rh1 58. Bg7 Rh2+ 59. Ke1 Rh1+
60. Kf2 e4 61. Be5 Rb1 62. Rc2 Rb3 63. Rc3 Rxc3 64. Bxc3 f4 65. gxf4 1/2-1/2

[Event "43. Olimpiada Batumi 2018 Femenina"]
[Site "Batumi GEO"]
[Date "2018.10.05"]
[Round "11.4"]
[White "Ilyuchyk, Yana"]
[Black "Gutmakher, Olga"]
[Result "1-0"]
[WhiteElo "2114"]
[BlackElo "2258"]
[PlyCount "101"]
[EventDate "2018.09.24"]
[EventType "team-swiss"]
[EventRounds "11"]
[EventCountry "GEO"]
[SourceTitle "Ajedrez en Madrid"]
[Source "lmi"]
[SourceDate "2018.09.24"]
[WhiteTeam "Belarus"]
[BlackTeam "Israel"]
[WhiteTeamCountry "BLR"]
[BlackTeamCountry "ISR"]

1. e4 c5 2. Nf3 Nc6 3. d4 cxd4 4. Nxd4 Nf6 5. Nc3 e5 6. Ndb5 d6 7. Bg5 a6 8.
Na3 b5 9. Nd5 Be7 10. Bxf6 Bxf6 11. c4 b4 12. Nc2 O-O 13. Be2 Bg5 14. O-O a5
15. Qd3 Be6 16. Rad1 g6 17. Bf3 Ra7 18. b3 Rd7 19. Qe2 Kh8 20. Bg4 f5 21. Bh3
Nb8 22. f4 exf4 23. Nd4 Bxd5 24. cxd5 Bf6 25. Ne6 Qb6+ 26. Kh1 Rc8 27. exf5 g5
28. Qh5 Rg8 29. Bg4 Re7 30. Rf3 Nd7 31. Qh6 Qa6 32. Rh3 Qc8 33. Rhd3 Qc2 34.
R3d2 Qc3 35. Re2 Rf7 36. Bh5 Re7 37. Bg4 Rf7 38. Bh5 Re7 39. h3 Qg3 40. Bf3 Be5
41. Rc1 Rf7 42. Rc7 Qh4 43. Qxh4 gxh4 44. Re4 Ra8 45. Rec4 Kg8 46. Bh5 Rxf5 47.
Bg4 Rf7 48. Ng5 Rg7 49. Rc8+ Rxc8 50. Rxc8+ Nf8 51. Be6+ 1-0

[Event "43. Olimpiada Batumi 2018 Femenina"]
[Site "Batumi GEO"]
[Date "2018.10.05"]
[Round "11.1"]
[White "Peptan, Corina-Isabela"]
[Black "Paehtz, Elisabeth"]
[Result "0-1"]
[WhiteElo "2374"]
[BlackElo "2513"]
[PlyCount "124"]
[EventDate "2018.09.24"]
[EventType "team-swiss"]
[EventRounds "11"]
[EventCountry "GEO"]
[SourceTitle "Ajedrez en Madrid"]
[Source "lmi"]
[SourceDate "2018.09.24"]
[WhiteTeam "Romania"]
[BlackTeam "Germany"]
[WhiteTeamCountry "ROU"]
[BlackTeamCountry "GER"]

1. d4 Nf6 2. Nf3 g6 3. Bf4 Bg7 4. e3 O-O 5. Nbd2 d6 6. h3 Nfd7 7. Bc4 e5 8.
dxe5 dxe5 9. Bg5 Qe8 10. e4 Nc6 11. O-O Kh8 12. Nb3 f5 13. Be3 f4 14. Bd2 Nf6
15. Re1 g5 16. Nxg5 Qg6 17. Ne6 Bxe6 18. Bxe6 Nxe4 19. Qg4 Ng5 20. Bd5 h5 21.
Be4 hxg4 22. Bxg6 gxh3 23. Be4 hxg2 24. Kxg2 Nxe4 25. Rxe4 Rad8 26. Kf3 Rd5 27.
Bc3 Nd8 28. Bb4 Ne6 29. Rh1+ Kg8 30. Rh5 c5 31. Bc3 Nd4+ 32. Kg4 Rfd8 33. Nd2
R8d6 34. Rg5 Ne6 35. Rxg7+ Nxg7 36. Nc4 Rg6+ 37. Kf3 Ne6 38. Rxe5 Rxe5 39. Nxe5
Rh6 40. a4 Kf8 41. Nd3 Ke7 42. b3 Rh4 43. Ke4 c4 44. Ne5 Rh2 45. Ng4 Rg2 46.
Kf5 cxb3 47. cxb3 Kd8 48. b4 f3 49. Be5 Rg1 50. Nh2 Nc7 51. Bd4 Rb1 52. Bxa7
Rxb4 53. Nxf3 b6 54. Ne5 Kc8 55. a5 bxa5 56. Nd3 Rb1 57. Bc5 a4 58. Ne5 Nb5 59.
Nc4 Kb7 60. Ke4 Rc1 61. Nd6+ Kc6 62. Nxb5 Kxc5 0-1

[Event "43. Olimpiada Batumi 2018 Femenina"]
[Site "Batumi GEO"]
[Date "2018.10.05"]
[Round "11.2"]
[White "Osmanodja, Filiz"]
[Black "Cosma, Elena-Luminita"]
[Result "0-1"]
[WhiteElo "2348"]
[BlackElo "2328"]
[PlyCount "84"]
[EventDate "2018.09.24"]
[EventType "team-swiss"]
[EventRounds "11"]
[EventCountry "GEO"]
[SourceTitle "Ajedrez en Madrid"]
[Source "lmi"]
[SourceDate "2018.09.24"]
[WhiteTeam "Germany"]
[BlackTeam "Romania"]
[WhiteTeamCountry "GER"]
[BlackTeamCountry "ROU"]

1. e4 e6 2. d4 d5 3. Nd2 c5 4. exd5 exd5 5. Bb5+ Nc6 6. Ngf3 cxd4 7. O-O Bd6 8.
Nb3 Nge7 9. Nbxd4 O-O 10. h3 a6 11. Bd3 Nxd4 12. Nxd4 Nc6 13. Be3 Ne5 14. Be2
Nc4 15. Bc1 Bc7 16. b3 Ne5 17. f4 Nc6 18. Nxc6 bxc6 19. Bb2 Bf5 20. Bd3 Bb6+
21. Kh1 Qd7 22. Qf3 f6 23. Rae1 Rfe8 24. Kh2 a5 25. a4 Bc7 26. Rd1 Rad8 27. Bd4
Bxd3 28. Qxd3 Re4 29. g3 Rde8 30. Rf2 h5 31. Qf3 h4 32. Bc5 hxg3+ 33. Qxg3 Qf5
34. Rdf1 g5 35. Qg4 Qxg4 36. hxg4 Bxf4+ 37. Kh3 Kg7 38. Kg2 Be5 39. Rf3 Rh8 40.
Rg3 Bxg3 41. Kxg3 Rh4 42. Bb6 Rexg4+ 0-1

[Event "43. Olimpiada Batumi 2018 Femenina"]
[Site "Batumi GEO"]
[Date "2018.10.05"]
[Round "11.3"]
[White "Cosman, Andreea-Marioara"]
[Black "Hoolt, Sarah"]
[Result "0-1"]
[WhiteElo "2157"]
[BlackElo "2355"]
[PlyCount "88"]
[EventDate "2018.09.24"]
[EventType "team-swiss"]
[EventRounds "11"]
[EventCountry "GEO"]
[SourceTitle "Ajedrez en Madrid"]
[Source "lmi"]
[SourceDate "2018.09.24"]
[WhiteTeam "Romania"]
[BlackTeam "Germany"]
[WhiteTeamCountry "ROU"]
[BlackTeamCountry "GER"]

1. d4 d6 2. e4 Nf6 3. Nc3 e5 4. d5 Be7 5. Be2 Nbd7 6. Be3 Nc5 7. f3 a5 8. Qd2
c6 9. Rd1 Nfd7 10. Nh3 O-O 11. g4 Nb6 12. O-O cxd5 13. Nxd5 Nxd5 14. Qxd5 Be6
15. Qd2 Qc7 16. Nf2 Rfc8 17. c4 a4 18. Rc1 b5 19. Nd1 Qb7 20. Qb4 Rab8 21. cxb5
Bxa2 22. Bxc5 dxc5 23. Qxa4 Ra8 24. Qc2 Bg5 25. Ra1 Bb3 26. Qb1 Bc2 27. Qxc2
Rxa1 28. Nc3 Be3+ 29. Kg2 Rca8 30. Nd5 Bd4 31. Qb3 R8a2 32. Rxa1 Rxa1 33. b6 h5
34. Qb5 hxg4 35. fxg4 Kf8 36. Qb3 Rg1+ 37. Kf3 g6 38. Qa4 f5 39. gxf5 gxf5 40.
Bd3 fxe4+ 41. Bxe4 Qf7+ 42. Ke2 Qf1+ 43. Kd2 Qc1+ 44. Kd3 c4+ 0-1

[Event "43. Olimpiada Batumi 2018 Femenina"]
[Site "Batumi GEO"]
[Date "2018.10.05"]
[Round "11.4"]
[White "Fuchs, Judith"]
[Black "Lehaci, Miruna-Daria"]
[Result "0-1"]
[WhiteElo "2274"]
[BlackElo "1933"]
[PlyCount "156"]
[EventDate "2018.09.24"]
[EventType "team-swiss"]
[EventRounds "11"]
[EventCountry "GEO"]
[SourceTitle "Ajedrez en Madrid"]
[Source "lmi"]
[SourceDate "2018.09.24"]
[WhiteTeam "Germany"]
[BlackTeam "Romania"]
[WhiteTeamCountry "GER"]
[BlackTeamCountry "ROU"]

1. b3 d5 2. e3 Nf6 3. Bb2 Bg4 4. Be2 Bxe2 5. Qxe2 c6 6. f4 e6 7. Nf3 Nbd7 8. d3
Bd6 9. Ne5 Bb4+ 10. Nd2 Nxe5 11. fxe5 Nd7 12. O-O O-O 13. Rf4 a5 14. Raf1 Qe7
15. c3 Ba3 16. Bxa3 Qxa3 17. Nf3 f6 18. exf6 Rxf6 19. Ng5 Qe7 20. Qh5 h6 21.
Nh3 e5 22. R4f2 a4 23. b4 Raf8 24. Qd1 b5 25. Qg4 Kh7 26. Rxf6 Nxf6 27. Qf5+ g6
28. Qf2 Kg7 29. Qe2 Qd6 30. a3 Ne8 31. Rxf8 Qxf8 32. Nf2 Nd6 33. Qg4 Qf5 34.
Qg3 h5 35. Qh4 Qf6 36. Qh3 Nf5 37. e4 Qg5 38. exf5 Qc1+ 39. Nd1 Qxd1+ 40. Kf2
Qd2+ 41. Kf1 Qf4+ 42. Ke1 Qxf5 43. Qe3 Qf4 44. Qc5 d4 45. Qe7+ Kh6 46. cxd4
Qe3+ 47. Kf1 Qxd3+ 48. Ke1 Qe3+ 49. Kf1 Qf4+ 50. Ke2 exd4 51. Kd3 h4 52. Qe8
Qf6 53. Qe1 Qf5+ 54. Kd2 Kg5 55. g3 h3 56. Qe7+ Qf6 57. Qe1 Kh6 58. Kd3 Qf3+
59. Kxd4 Qd5+ 60. Kc3 Qc4+ 61. Kd2 Qa2+ 62. Kd3 Qxa3+ 63. Ke4 Qa2 64. Qe3+ g5
65. Kf5 Qf7+ 66. Kg4 Qd7+ 67. Kf3 Qf5+ 68. Ke2 Qc2+ 69. Ke1 Qb1+ 70. Ke2 Qb2+
71. Ke1 Qxb4+ 72. Ke2 Qc4+ 73. Ke1 b4 74. Qe8 Qc3+ 75. Ke2 Qf6 76. g4 a3 77.
Qg8 b3 78. Qe8 a2 0-1

[Event "43. Olimpiada Batumi 2018 Femenina"]
[Site "Batumi GEO"]
[Date "2018.10.05"]
[Round "11.1"]
[White "Exler, Veronika"]
[Black "Repkova, Eva"]
[Result "1-0"]
[WhiteElo "2267"]
[BlackElo "2288"]
[PlyCount "99"]
[EventDate "2018.09.24"]
[EventType "team-swiss"]
[EventRounds "11"]
[EventCountry "GEO"]
[SourceTitle "Ajedrez en Madrid"]
[Source "lmi"]
[SourceDate "2018.09.24"]
[WhiteTeam "Austria"]
[BlackTeam "Slovakia"]
[WhiteTeamCountry "AUT"]
[BlackTeamCountry "SVK"]

1. d4 Nf6 2. c4 e6 3. g3 d5 4. Nf3 Be7 5. Bg2 O-O 6. O-O dxc4 7. Qc2 a6 8. a4
Bd7 9. Qxc4 Bc6 10. Bf4 Bd5 11. Qxc7 Qxc7 12. Bxc7 Nc6 13. Nbd2 Rac8 14. Bf4
Ne4 15. Nxe4 Bxe4 16. Rfd1 Na5 17. Ne1 Bxg2 18. Kxg2 Nb3 19. Rab1 Rfd8 20. Nf3
Bf6 21. e3 h6 22. g4 Rc4 23. Rd3 Nc5 24. Rc3 Rxc3 25. bxc3 Nxa4 26. Rxb7 Nxc3
27. Ra7 Nd5 28. Be5 Nb4 29. Rb7 Nd5 30. Ra7 Nb4 31. Bxf6 gxf6 32. Nd2 e5 33.
Nf3 exd4 34. Nxd4 h5 35. gxh5 Rd5 36. h6 Rh5 37. e4 Rxh6 38. Nf5 Rg6+ 39. Kf1
Rg5 40. h4 Rh5 41. Kg2 Rh8 42. Kg3 Kh7 43. Rxf7+ Kg6 44. Ra7 Kh5 45. f3 Rg8+
46. Kf4 Nd3+ 47. Ke3 Nb4 48. Rh7+ Kg6 49. Rb7 Nc6 50. Rc7 1-0

[Event "43. Olimpiada Batumi 2018 Femenina"]
[Site "Batumi GEO"]
[Date "2018.10.05"]
[Round "11.2"]
[White "Stockova, Zuzana"]
[Black "Newrkla, Katharina"]
[Result "1-0"]
[WhiteElo "2290"]
[BlackElo "2204"]
[PlyCount "119"]
[EventDate "2018.09.24"]
[EventType "team-swiss"]
[EventRounds "11"]
[EventCountry "GEO"]
[SourceTitle "Ajedrez en Madrid"]
[Source "lmi"]
[SourceDate "2018.09.24"]
[WhiteTeam "Slovakia"]
[BlackTeam "Austria"]
[WhiteTeamCountry "SVK"]
[BlackTeamCountry "AUT"]

1. e4 c5 2. Nf3 e6 3. d4 cxd4 4. Nxd4 Nc6 5. Nc3 a6 6. Be3 Nf6 7. Bd3 Qc7 8.
O-O Nxd4 9. Bxd4 Bc5 10. Bxc5 Qxc5 11. Qf3 d6 12. Qg3 O-O 13. Rae1 e5 14. Qh4
Qb4 15. Re3 Qxb2 16. Nd1 Qb6 17. Rg3 Qd8 18. Qg5 g6 19. f4 Nd7 20. Qh6 Qf6 21.
f5 Qg7 22. Qh4 Nf6 23. Bc4 d5 24. exd5 b5 25. Bb3 h6 26. fxg6 fxg6 27. Rgf3 g5
28. Qf2 Bg4 29. Rxf6 Qxf6 30. Qxf6 Rxf6 31. Rxf6 Bxd1 32. h3 Kg7 33. Rc6 a5 34.
d6 Rd8 35. Kf2 Bh5 36. Be6 Kf6 37. d7 Ke7 38. Bf5 Bf7 39. a3 h5 40. Ra6 a4 41.
c3 h4 42. Rb6 Bc4 43. Ke3 Bd5 44. Rxb5 Bxg2 45. Rxe5+ Kd6 46. Re8 Kc7 47. Kd4
Bf3 48. Re7 Kd6 49. Rg7 g4 50. Bxg4 Bxg4 51. Rxg4 Rxd7 52. Rxh4 Kc6+ 53. Kc4
Rd1 54. Rh6+ Kc7 55. Kb4 Rd3 56. c4 Rd4 57. Kb5 Rf4 58. c5 Rf1 59. Rh7+ Kb8 60.
Kxa4 1-0

[Event "43. Olimpiada Batumi 2018 Femenina"]
[Site "Batumi GEO"]
[Date "2018.10.05"]
[Round "11.3"]
[White "Teuschler, Barbara"]
[Black "Cibickova, Zuzana"]
[Result "1/2-1/2"]
[WhiteElo "2172"]
[BlackElo "2268"]
[PlyCount "66"]
[EventDate "2018.09.24"]
[EventType "team-swiss"]
[EventRounds "11"]
[EventCountry "GEO"]
[SourceTitle "Ajedrez en Madrid"]
[Source "lmi"]
[SourceDate "2018.09.24"]
[WhiteTeam "Austria"]
[BlackTeam "Slovakia"]
[WhiteTeamCountry "AUT"]
[BlackTeamCountry "SVK"]

1. e4 e5 2. Nf3 Nc6 3. Bb5 a6 4. Ba4 Nf6 5. O-O Be7 6. Bxc6 dxc6 7. d3 Nd7 8.
Nbd2 O-O 9. Nc4 f6 10. Nh4 Nc5 11. Nf5 Ne6 12. Be3 c5 13. Qd2 Re8 14. f4 exf4
15. Bxf4 Nxf4 16. Qxf4 Bxf5 17. Qxf5 Qd4+ 18. Qf2 b5 19. Qxd4 cxd4 20. Nd2 Bd6
21. a4 b4 22. b3 Be5 23. Rf3 Re6 24. Nc4 Kf7 25. Raf1 Ke7 26. g3 Re8 27. Kg2
Kd7 28. R1f2 R8e7 29. Rf1 Re8 30. R1f2 R8e7 31. Rf5 Re8 32. Rh5 h6 33. Rhf5
R8e7 1/2-1/2

[Event "43. Olimpiada Batumi 2018 Femenina"]
[Site "Batumi GEO"]
[Date "2018.10.05"]
[Round "11.4"]
[White "Motycakova, Monika"]
[Black "Trippold, Denise"]
[Result "1-0"]
[WhiteElo "2198"]
[BlackElo "2146"]
[PlyCount "199"]
[EventDate "2018.09.24"]
[EventType "team-swiss"]
[EventRounds "11"]
[EventCountry "GEO"]
[SourceTitle "Ajedrez en Madrid"]
[Source "lmi"]
[SourceDate "2018.09.24"]
[WhiteTeam "Slovakia"]
[BlackTeam "Austria"]
[WhiteTeamCountry "SVK"]
[BlackTeamCountry "AUT"]

1. e4 e6 2. d4 d5 3. Nd2 c5 4. exd5 Qxd5 5. Ngf3 cxd4 6. Bc4 Qd7 7. O-O Nc6 8.
Nb3 a6 9. Re1 Bb4 10. Bd2 Bd6 11. c3 Nf6 12. cxd4 O-O 13. Rc1 b6 14. Ne5 Bxe5
15. dxe5 Nd5 16. Qh5 Nce7 17. Bd3 f5 18. exf6 Nxf6 19. Qe2 Kh8 20. Bc4 Ned5 21.
Bg5 Qd6 22. Rcd1 b5 23. Bxf6 Rxf6 24. Bxd5 exd5 25. Qe8+ Rf8 26. Rxd5 Qf6 27.
Qe2 Bb7 28. Rd3 h6 29. f3 Rae8 30. Qxe8 Rxe8 31. Rxe8+ Kh7 32. Re2 h5 33. h3
Qg6 34. Ree3 h4 35. Nc5 Bc8 36. Kf1 Bf5 37. Ne4 Qc6 38. Rc3 Qd5 39. a3 Qd1+ 40.
Re1 Qd4 41. Nf2 b4 42. axb4 Qxb4 43. Re2 Qb5 44. Rce3 Qc4 45. Ne4 Bd7 46. Nf6+
gxf6 47. Re7+ Kg6 48. Rxd7 Qc1+ 49. Kf2 Qc5+ 50. Ke1 Qc1+ 51. Rd1 Qc5 52. Kf1
Qc4 53. Rde1 Qd4 54. Rc1 Qd3 55. Rc3 Qd1+ 56. Kf2 Qd4+ 57. Rce3 a5 58. Kg1 Qd1+
59. Re1 Qd4 60. R1e2 Qd1+ 61. Kh2 Qd6+ 62. Kh1 Qd1+ 63. Re1 Qd2 64. R3e2 Qd4
65. Re4 Qd2 66. Rf1 Kh5 67. Ra1 Kg5 68. Rg4+ Kh5 69. Rga4 Qxb2 70. Rxa5+ Kg6
71. R5a4 Kh5 72. Re1 Qd2 73. Rae4 Qc3 74. Rd1 Qc2 75. Rd5+ Kg6 76. Rxh4 Qc1+
77. Kh2 Qc7+ 78. f4 f5 79. Rd3 Qc4 80. Rg3+ Kf6 81. Rh6+ Kf7 82. Rf3 Kg7 83.
Rh5 Qe4 84. Rg5+ Kh6 85. h4 Qe1 86. Rxf5 Qe4 87. Rg5 Kh7 88. f5 Qe5+ 89. Kh3
Qe1 90. f6 Qh1+ 91. Kg3 Qe1+ 92. Kh2 Qd1 93. f7 Qd6+ 94. Rgg3 Qf8 95. Rg8 Qd6+
96. Kh3 Qe6+ 97. g4 Qe1 98. Rg7+ Kh6 99. Rf6+ Kxg7 100. f8=Q+ 1-0

[Event "43. Olimpiada Batumi 2018 Femenina"]
[Site "Batumi GEO"]
[Date "2018.10.05"]
[Round "11.1"]
[White "Atalik, Ekaterina"]
[Black "Baciu, Diana"]
[Result "1-0"]
[WhiteElo "2447"]
[BlackElo "2266"]
[PlyCount "91"]
[EventDate "2018.09.24"]
[EventType "team-swiss"]
[EventRounds "11"]
[EventCountry "GEO"]
[SourceTitle "Ajedrez en Madrid"]
[Source "lmi"]
[SourceDate "2018.09.24"]
[WhiteTeam "Turkey"]
[BlackTeam "Moldova"]
[WhiteTeamCountry "TUR"]
[BlackTeamCountry "MDA"]

1. d4 d5 2. c4 e6 3. Nc3 Nf6 4. Nf3 Bb4 5. g3 O-O 6. Bg2 b6 7. O-O Bb7 8. cxd5
exd5 9. a3 Bd6 10. b4 a5 11. b5 Ne4 12. Nxe4 dxe4 13. Ne5 Bd5 14. Qc2 f5 15.
Nc4 Nd7 16. Nxd6 cxd6 17. Bf4 Rc8 18. Qb2 Qf6 19. Rac1 Nc5 20. Qc3 Nb3 21. Qxc8
Rxc8 22. Rxc8+ Kf7 23. Be3 Qe6 24. Rc7+ Kg8 25. a4 h6 26. h4 Qf6 27. h5 Qd8 28.
Rc3 Qf6 29. Rc8+ Kh7 30. Rd1 Qf7 31. Bf4 Qxh5 32. Kf1 Qf7 33. Rd8 g5 34. Bxd6
Bc4 35. Rc8 Kg6 36. Be5 Kh5 37. Rc6 Bd5 38. Rf6 Qd7 39. Kg1 Bc4 40. Kh2 Bxe2
41. Rh1 e3 42. Kg1+ Kg4 43. f3+ Bxf3 44. Bh3+ Kh5 45. Bxf5+ Bxh1 46. g4+ 1-0

[Event "43. Olimpiada Batumi 2018 Femenina"]
[Site "Batumi GEO"]
[Date "2018.10.05"]
[Round "11.2"]
[White "Petrenko, Svetlana"]
[Black "Ozturk, Kubra"]
[Result "0-1"]
[WhiteElo "2156"]
[BlackElo "2345"]
[PlyCount "64"]
[EventDate "2018.09.24"]
[EventType "team-swiss"]
[EventRounds "11"]
[EventCountry "GEO"]
[SourceTitle "Ajedrez en Madrid"]
[Source "lmi"]
[SourceDate "2018.09.24"]
[WhiteTeam "Moldova"]
[BlackTeam "Turkey"]
[WhiteTeamCountry "MDA"]
[BlackTeamCountry "TUR"]

1. c4 e5 2. Nc3 Bb4 3. g3 Bxc3 4. bxc3 d6 5. Bg2 Nf6 6. d3 O-O 7. e4 Nc6 8. Ne2
Be6 9. O-O Nd7 10. f4 f5 11. exf5 Bxf5 12. d4 Kh8 13. c5 exd4 14. cxd6 d3 15.
Nd4 Nxd4 16. cxd4 Nf6 17. Bxb7 Rb8 18. Bf3 Qxd6 19. Qa4 Bd7 20. Qxa7 Rb6 21.
Be3 Nd5 22. Bf2 Bc6 23. Qa5 Nxf4 24. Bxc6 Ne2+ 25. Kg2 Qxc6+ 26. d5 Qc2 27.
Rad1 Rg6 28. Qa3 Re8 29. Qb3 Nf4+ 30. Kg1 h6 31. Qxc2 dxc2 32. Rd2 Ne2+ 0-1

[Event "43. Olimpiada Batumi 2018 Femenina"]
[Site "Batumi GEO"]
[Date "2018.10.05"]
[Round "11.3"]
[White "Yildiz Kadioglu, Betul Cemre"]
[Black "Partac, Elena"]
[Result "1-0"]
[WhiteElo "2287"]
[BlackElo "2051"]
[PlyCount "49"]
[EventDate "2018.09.24"]
[EventType "team-swiss"]
[EventRounds "11"]
[EventCountry "GEO"]
[SourceTitle "Ajedrez en Madrid"]
[Source "lmi"]
[SourceDate "2018.09.24"]
[WhiteTeam "Turkey"]
[BlackTeam "Moldova"]
[WhiteTeamCountry "TUR"]
[BlackTeamCountry "MDA"]

1. d4 Nf6 2. c4 e6 3. Nc3 Bb4 4. e3 b6 5. Nge2 O-O 6. a3 Bxc3+ 7. Nxc3 d5 8.
cxd5 exd5 9. Bd3 c5 10. dxc5 bxc5 11. O-O Qe7 12. Be2 Bb7 13. Bf3 Rd8 14. Qb3
Nc6 15. Bxd5 Nxd5 16. Nxd5 Rxd5 17. Qxd5 Ne5 18. Qd1 Nf3+ 19. gxf3 Qg5+ 20. Kh1
Rd8 21. e4 Qf6 22. Qb3 Ba6 23. Rd1 Rc8 24. Qc3 Qh4 25. Rg1 1-0

[Event "43. Olimpiada Batumi 2018 Femenina"]
[Site "Batumi GEO"]
[Date "2018.10.05"]
[Round "11.4"]
[White "Gitu, Paula-Alexandra"]
[Black "Okuyaz, Duru"]
[Result "1-0"]
[WhiteElo "2026"]
[BlackElo "2108"]
[PlyCount "105"]
[EventDate "2018.09.24"]
[EventType "team-swiss"]
[EventRounds "11"]
[EventCountry "GEO"]
[SourceTitle "Ajedrez en Madrid"]
[Source "lmi"]
[SourceDate "2018.09.24"]
[WhiteTeam "Moldova"]
[BlackTeam "Turkey"]
[WhiteTeamCountry "MDA"]
[BlackTeamCountry "TUR"]

1. d4 d5 2. Bf4 c5 3. e3 Nc6 4. c3 Nf6 5. Bd3 Qb6 6. b3 Bg4 7. Ne2 Nh5 8. f3
Bd7 9. Bc2 Nxf4 10. Nxf4 e6 11. O-O Bd6 12. Ne2 Qc7 13. g3 h5 14. Rf2 f5 15. e4
dxe4 16. fxe4 cxd4 17. cxd4 h4 18. Rg2 hxg3 19. hxg3 Rh3 20. Nbc3 Bxg3 21. Nxg3
Nxd4 22. Qxd4 Rxg3 23. Rxg3 Qxg3+ 24. Kf1 Rc8 25. Bd3 e5 26. Qd6 Rxc3 27. Be2
Rf3+ 28. Bxf3 Qxf3+ 29. Kg1 Qe3+ 30. Kh2 Qf4+ 31. Kg1 Qg3+ 32. Kh1 Qh4+ 33. Kg1
Qg5+ 34. Kh2 Qh5+ 35. Kg1 Qg4+ 36. Kh2 Qh5+ 37. Kg1 f4 38. Rc1 Qg5+ 39. Kf2
Qg3+ 40. Ke2 Qe3+ 41. Kd1 Qxe4 42. Rc5 Qb1+ 43. Rc1 Bg4+ 44. Kd2 Qxa2+ 45. Kc3
Qe2 46. Kb4 a5+ 47. Ka3 Qe4 48. Rc5 Qh1 49. Qxe5+ Kf8 50. Rc7 Qh6 51. Rxb7 Kg8
52. Rb8+ Kh7 53. Qe4+ 1-0

[Event "43. Olimpiada Batumi 2018 Femenina"]
[Site "Batumi GEO"]
[Date "2018.10.05"]
[Round "11.1"]
[White "Houska, Jovanka"]
[Black "Zimina, Olga"]
[Result "1-0"]
[WhiteElo "2402"]
[BlackElo "2421"]
[PlyCount "143"]
[EventDate "2018.09.24"]
[EventType "team-swiss"]
[EventRounds "11"]
[EventCountry "GEO"]
[SourceTitle "Ajedrez en Madrid"]
[Source "lmi"]
[SourceDate "2018.09.24"]
[WhiteTeam "England"]
[BlackTeam "Italy"]
[WhiteTeamCountry "ENG"]
[BlackTeamCountry "ITA"]

1. d4 d5 2. Bf4 e6 3. e3 Bd6 4. Bg3 Nf6 5. Nd2 Nc6 6. Ngf3 Qe7 7. Bb5 Bd7 8. c3
O-O 9. O-O a6 10. Bxc6 Bxc6 11. Re1 Bxg3 12. hxg3 Ne4 13. Ne5 Be8 14. Rc1 f6
15. Nd3 Bh5 16. Qxh5 Nxd2 17. Nc5 Ne4 18. Nxe4 dxe4 19. Qh4 Rad8 20. Qxe4 c6
21. c4 f5 22. Qe5 Rf6 23. a3 Qf7 24. f3 Rh6 25. Kf2 Rf6 26. b4 Qf8 27. Qc5 Rd6
28. b5 axb5 29. cxb5 Qd8 30. bxc6 Rxc6 31. Qe5 Qc8 32. Rxc6 Qxc6 33. Re2 Rf8
34. Rb2 Rc8 35. a4 h6 36. Rd2 Kh8 37. d5 Qc1 38. Qb2 exd5 39. Qxc1 Rxc1 40.
Rxd5 Rc2+ 41. Kf1 Rc1+ 42. Kf2 Rc2+ 43. Kg1 Rc1+ 44. Kh2 Re1 45. Re5 Kh7 46. a5
Kg6 47. Re6+ Kh7 48. Re7 Ra1 49. Re5 Re1 50. g4 fxg4 51. f4 Kg6 52. Kg3 h5 53.
e4 Ra1 54. Rb5 Ra4 55. Re5 Ra1 56. Rg5+ Kh6 57. Rb5 Ra4 58. e5 g6 59. e6 Re4
60. Rxb7 Rxe6 61. Rb6 Re2 62. a6 Ra2 63. Rc6 Ra1 64. f5 Kg5 65. f6 h4+ 66. Kf2
Kh6 67. Ke3 h3 68. gxh3 gxh3 69. Rc8 h2 70. f7 h1=Q 71. Rh8+ Kg5 72. Rxh1 1-0